00453nam a22001457a 4500003000400000020001800004082001400022100001600036245003700052250000800089260004600097300000800143650001700151653013900168SGT a9788122434507 a516.3,JAI aJAIN, P. K. aTEXTBOOK OF ANALYTICAL GEOMETRY  a3RD aNEW AGE INTERNATIONAL PUBLISHERS c2014 a570 aMATHEMATICS  aPRELIMINARY, THE STRAIGHT LINE, CHANGE OF AXES PAIR OF LINES, THE CIRCLE, SYSTEMS OF CIRCLES, THE PARABOLA, THE ELLIPSE THE HYPERBOLA